| 000 | 00849cab a2200241 4500 | ||
|---|---|---|---|
| 001 | X195 | ||
| 008 | 090401t1992 xxu||||| |||| 00| 0 eng d | ||
| 035 | _a(Sirsi) u64338 | ||
| 041 | _aeng | ||
| 100 | _aEade, C. | ||
| 245 | _aDesignation game; chartered surveyors decide their future | ||
| 260 | _c1992 | ||
| 350 | _a0 | ||
| 490 |
_aChartered Surveyor Weekly _v40(12) 17 September 1992, 24-25(2) |
||
| 520 | _aAirs the views of the `yes` and `no` lobby in the debate on the use of chartered designation for multi-dsiciplinary practices. A decision will be taken at the EGM on 15 October 1992. | ||
| 650 | _aCHARTERED DESIGNATION | ||
| 650 | _aABOUT RICS-RICS MEMBERS | ||
| 650 | _aMULTI-DISCIPLINARY PRACTICES | ||
| 650 | _aRICS | ||
| 690 | _aMANAGEMENT-BUSINESS MANAGEMENT-PROFESSIONAL PRACTICE | ||
| 942 | _n0 | ||
| 948 | _c04/03/1997 | ||
| 999 |
_c40068 _d40068 |
||